01085cam a2200229 a 450000100100000000500170001000800410002702000150006804000250008308200190010810000440012724500530017126000600022430000210028449000170030550503110032265000290063365000300066283000260069295201220071899900150084000000845020200929161338.0760504r19591979mx 000 1 spa  a9681602595 aDO-SdBNPbspacBNPHU aM863.44bC355L1 aCastro Leal, Antonio,d1896-198192273713aEl laurel de San Lorenzo /cAntonio Castro Leal. aMéxico, D. F. :bFondo de Cultura Económica,c1959. a201 p. ;c17 cm.1 aPopularv1800 aEl laurel de San Lorenzo -- Adriana -- El Principe Czerwinski -- El espia del alma -- El dragon pragmatista -- Un dia de sol en otono -- El examen de fisica -- El cazador del ritmo universal -- El coleccionista de almas -- El imperialismo andaluz -- La literatura no se cotiza -- Una historia del siglo XX. 4aCuentos mexicanos911371 4aLiteratura mexicana91922 0aPopular ;v180913374 001052708MOaGRbGRcCTd2009-09-16iLF1l0oM863.44 C355Lp8450-10r2020-06-25w2020-06-25y2ZPréstamo interno c8221d8221